000 00220 a2200097 4500
001 30717
100 _aLerner, Mak
245 _aAmerica as a civilization
260 _aN Y
_bSimon and Schuster
_c
090 _c20650
_d20650
942 _aNUST-CAE
_cM
_c11837
999 _c265790
_d265790